Aktuálne otázky legislatívy v oblasti ochrany spotrebiteľa

Nová smernica regulácie a ochrany spotrebiteľa pri zmluvách uzatváraných na diaľku či mimo prevádzkových priestorov. Návrh zákona o ochrane spotrebiteľa, ktorým sa do slovenského právneho poriadku preberá smernica 2011/83/EÚ o právach spotrebiteľa.

Gespeichert in:
Bibliographische Detailangaben
1. Verfasser: Csiba, Imrich
Format: Buchkapitel
Sprache:Slowakisch
Schlagworte:
Tags: Tag hinzufügen
Keine Tags, Fügen Sie das erste Tag hinzu!

MARC

LEADER 00000naa a2200000 4500
001 0182456
005 20221020085742.2
041 0 |a slo 
044 |a SK 
245 1 0 |a Aktuálne otázky legislatívy v oblasti ochrany spotrebiteľa  |c Imrich Csiba 
520 |a Nová smernica regulácie a ochrany spotrebiteľa pri zmluvách uzatváraných na diaľku či mimo prevádzkových priestorov. Návrh zákona o ochrane spotrebiteľa, ktorým sa do slovenského právneho poriadku preberá smernica 2011/83/EÚ o právach spotrebiteľa. 
610 2 0 |a práva spotrebiteľské 
610 2 0 |a ochrana spotrebiteľa 
610 2 0 |a rozhodovanie nákupné 
610 2 0 |a zmluvy obchodné 
610 2 0 |a podmienky dodacie 
610 2 0 |a legislatíva 
100 1 |a Csiba, Imrich